| 000 | 00425nam a2200145 4500 | ||
|---|---|---|---|
| 999 |
_c512710 _d512710 |
||
| 008 | 191210b ||||| |||| 00| 0 eng d | ||
| 100 |
_aKaur, Supreet _914430 |
||
| 245 | _aNominal wage rigidity in village labor markets | ||
| 260 | _bAmerican Economic Review | ||
| 300 | _a109(10): Oct, 2019: p.3585-3616. | ||
| 650 |
_aWages _914431 |
||
| 773 | _aAmerican Economic Review | ||
| 906 | _aLabour markets | ||
| 942 |
_2ddc _cAR |
||